Normal view
MARC view
- Tenckhoff, Erick
Entry Personal Name
001 - CONTROL NUMBER
- control field: 67061
003 - CONTROL NUMBER IDENTIFIER
- control field: NUST
005 - DATE AND TIME OF LATEST TRANSACTION
- control field: 20210628203729.0
008 - FIXED-LENGTH DATA ELEMENTS
- fixed length control field: 210628|| aca||aabn | a|a d
040 ## - CATALOGING SOURCE
- Original cataloging agency: NUST
- Transcribing agency: NUST
100 ## - HEADING--PERSONAL NAME
- Personal name: Tenckhoff, Erick
670 ## - SOURCE DATA FOUND
- Source citation: Work cat.: (NUST): Tenckhoff, Erick, Deformation mechanism texture and anisotropy in zirconium and zircaloy, 1988
